LIBRARY & INFORMATION CENTRE, KCAET, TAVANUR

ONLINE PUBLIC ACCESS CATALOGUE (OPAC)

Flood frequency analysis and modelling of flood using HEC-HMS for a river basin - A case study (Record no. 17305)

MARC details
000 -LEADER
fixed length control field 00402nam a22001337a 4500
003 - CONTROL NUMBER IDENTIFIER
control field OSt
082 ## - DEWEY DECIMAL CLASSIFICATION NUMBER
Classification number 631.587
Item number RIY/F
088 ## - REPORT NUMBER
Report number T 493
100 ## - MAIN ENTRY--AUTHOR NAME
Personal name Riyola P George
245 ## - TITLE STATEMENT
Title Flood frequency analysis and modelling of flood using HEC-HMS for a river basin - A case study
260 ## - PUBLICATION, DISTRIBUTION, ETC. (IMPRINT)
Place of publication Tavanur
Name of publisher Dept of Irrigation and Drainage Engineering, KCAET
Year of publication 2020
700 ## - ADDED ENTRY--PERSONAL NAME
Personal name Asha Joseph
942 ## - ADDED ENTRY ELEMENTS (KOHA)
Koha item type Theses
Holdings
Home library Current library Full call number Accession Number Koha item type Public note
KAUAET KAUAET 631.587 RIY/F T 493 Theses M.Tech Thesis
free website counter